00486 2200157 4500001002100000005001500021035002000036007000300056008004100059020002200100100002900122245007800151250000900229260006800238300002200306INLIS00000000000020820210727084627 a0010-0721000193ta210727 1  a978-602-437-003-90 aNontje Deisye Wewengkang1 aKeke Panagian :bCerita Rakyat /cBadan Pengembangan dan Pembinaan Bahasa a2016 aJakarta Timur :bBadan Pengembangan dan Pembinaan Bahasa,c2016 a68 :bFiksi ;c21